000 00464nam a2200157Ia 4500
008 240729s9999 xx 000 0 und d
022 _a2590-1826
245 0 _aEnvironmental Chemistry and Ecotoxicology
260 _aChina
260 _bKeAi Communications Co., Ltd.
650 _a Environmental technology. Sanitary engineering
650 _aTechnology
856 _uhttps://doaj.org/toc/954adf948b7b459d83c0f7b46a06654d
942 _2ddc
942 _cDOAJEJ
999 _c67618
_d67618
945 _a1
_bMadushi Gamage
_c1
_dMadushi Gamage